|
|
|
|
| LEADER |
01240nam a22003132a 4500 |
| 001 |
000059998 |
| 003 |
CZ BrMZK |
| 005 |
20171120072154.0 |
| 007 |
ta |
| 008 |
950407s1987 xr f 000 0 cze d |
| 015 |
|
|
|a cnb000037618
|
| 040 |
|
|
|a BOA001
|b cze
|
| 080 |
9 |
|
|a 885.0.09-31
|
| 100 |
1 |
|
|a Misař, Karel,
|d 1934-1991
|7 jk01081803
|4 aut
|
| 245 |
1 |
0 |
|a Smutek a naděje románu /
|c Karel Misař, Miloš Pohorský
|
| 250 |
|
|
|a 1. vyd.
|
| 260 |
|
|
|a Praha :
|b Československý spisovatel,
|c 1987
|
| 300 |
|
|
|a 104 s.
|
| 490 |
1 |
|
|a Puls ;
|v sv. 14
|
| 500 |
|
|
|a Dostupné též v digitální podobě v aplikaci Kramerius
|
| 700 |
1 |
|
|a Pohorský, Miloš,
|d 1929-2013
|7 jk01100312
|4 aut
|
| 830 |
|
0 |
|a Puls (Československý spisovatel)
|0 s
|
| 856 |
4 |
1 |
|u http://www.digitalniknihovna.cz/mzk/uuid/uuid:edfcac40-cf42-11e7-bfaa-005056827e52
|y Digitalizovaný dokument
|x NDK
|
| 910 |
|
|
|a BOA001
|b PK-0105.678
|b 1-0925.594
|
| 964 |
|
|
|a Romány - teorie - výklady populární
|
| 964 |
|
|
|a Romány - vznik - výklady populární
|
| 990 |
|
|
|a BK
|
| 996 |
6 |
|
|b 2619996015
|c 1-0925.594
|l MZK
|r Sklad / do 1 hodiny
|n 4
|w 000059998
|u 000020
|a 1
|e BOA001
|j MZK50
|s P
|
| 996 |
7 |
|
|b 3119973619
|c PK-0105.678
|l MZK
|r Sklad / do 1 hodiny
|n 2
|w 000059998
|u 000010
|a 1
|e BOA001
|j MZK50
|s A
|